<?xml version="1.0" encoding="UTF-8"?>
<record
    xmlns:xsi="http://www.w3.org/2001/XMLSchema-instance"
    xsi:schemaLocation="http://www.loc.gov/MARC21/slim http://www.loc.gov/standards/marcxml/schema/MARC21slim.xsd"
    xmlns="http://www.loc.gov/MARC21/slim">

  <leader>01103nam a22002535a 4500</leader>
  <controlfield tag="003">OSt</controlfield>
  <controlfield tag="005">20160925130152.0</controlfield>
  <controlfield tag="008">160828s1996    ua     frb    000 0 ara d</controlfield>
  <datafield tag="040" ind1=" " ind2=" ">
    <subfield code="a">EG-ScBUE</subfield>
    <subfield code="b">ara</subfield>
    <subfield code="c">EG-ScBUE</subfield>
  </datafield>
  <datafield tag="043" ind1=" " ind2=" ">
    <subfield code="a">ma-----</subfield>
  </datafield>
  <datafield tag="082" ind1="0" ind2="4">
    <subfield code="a">342.174927</subfield>
    <subfield code="b">&#x637; &#x645; &#x627;</subfield>
    <subfield code="2">22</subfield>
  </datafield>
  <datafield tag="100" ind1="1" ind2=" ">
    <subfield code="9">40566</subfield>
    <subfield code="a">&#x637;&#x645;&#x627;&#x648;&#x64A;&#x60C; &#x633;&#x644;&#x64A;&#x645;&#x627;&#x646; &#x645;&#x62D;&#x645;&#x62F;.</subfield>
  </datafield>
  <datafield tag="245" ind1="1" ind2="4">
    <subfield code="a">&#x627;&#x644;&#x633;&#x644;&#x637;&#x627;&#x62A; &#x627;&#x644;&#x62B;&#x644;&#x627;&#x62B; &#x641;&#x64A; &#x627;&#x644;&#x62F;&#x633;&#x627;&#x62A;&#x64A;&#x631; &#x627;&#x644;&#x639;&#x631;&#x628;&#x64A;&#x629; &#x627;&#x644;&#x645;&#x639;&#x627;&#x635;&#x631;&#x629; &#x648;&#x641;&#x64A; &#x627;&#x644;&#x641;&#x643;&#x631; &#x627;&#x644;&#x633;&#x64A;&#x627;&#x633;&#x64A; &#x627;&#x644;&#x625;&#x633;&#x644;&#x627;&#x645;&#x64A; :</subfield>
    <subfield code="b">&#x62F;&#x631;&#x627;&#x633;&#x629; &#x645;&#x642;&#x627;&#x631;&#x646;&#x629; /</subfield>
    <subfield code="c">&#x633;&#x644;&#x645;&#x627;&#x646; &#x645;&#x62D;&#x645;&#x62F; &#x627;&#x644;&#x637;&#x645;&#x627;&#x648;&#x64A;.</subfield>
  </datafield>
  <datafield tag="250" ind1=" " ind2=" ">
    <subfield code="a">&#x637;. 6&#x60C; &#x645;&#x632;&#x64A;&#x62F;&#x629; &#x648;&#x645;&#x646;&#x642;&#x62D;&#x629;.</subfield>
  </datafield>
  <datafield tag="260" ind1=" " ind2=" ">
    <subfield code="a">&#x627;&#x644;&#x642;&#x627;&#x647;&#x631;&#x629; :</subfield>
    <subfield code="b">&#x62F;&#x627;&#x631; &#x627;&#x644;&#x641;&#x643;&#x631; &#x627;&#x644;&#x639;&#x631;&#x628;&#x64A;&#x60C;</subfield>
    <subfield code="c">1996.</subfield>
  </datafield>
  <datafield tag="300" ind1=" " ind2=" ">
    <subfield code="a">604 &#x635;. &#x61B;</subfield>
    <subfield code="c">24 &#x633;&#x645;.</subfield>
  </datafield>
  <datafield tag="504" ind1=" " ind2=" ">
    <subfield code="a">&#x64A;&#x634;&#x62A;&#x645;&#x644; &#x639;&#x644;&#x649; &#x625;&#x631;&#x62C;&#x627;&#x639;&#x627;&#x62A; &#x628;&#x628;&#x644;&#x64A;&#x648;&#x62C;&#x631;&#x627;&#x641;&#x64A;&#x629;.</subfield>
  </datafield>
  <datafield tag="650" ind1=" " ind2="7">
    <subfield code="a">&#x627;&#x644;&#x642;&#x627;&#x646;&#x648;&#x646; &#x627;&#x644;&#x62F;&#x633;&#x62A;&#x648;&#x631;&#x64A;</subfield>
    <subfield code="z">&#x627;&#x644;&#x62F;&#x648;&#x644; &#x627;&#x644;&#x639;&#x631;&#x628;&#x64A;&#x629;.</subfield>
    <subfield code="2">BUEsh</subfield>
    <subfield code="9">40916</subfield>
  </datafield>
  <datafield tag="650" ind1=" " ind2="7">
    <subfield code="a">&#x627;&#x644;&#x633;&#x644;&#x637;&#x627;&#x62A; &#x627;&#x644;&#x62B;&#x644;&#x627;&#x62B;</subfield>
    <subfield code="z">&#x627;&#x644;&#x62F;&#x648;&#x644; &#x627;&#x644;&#x639;&#x631;&#x628;&#x64A;&#x629;.</subfield>
    <subfield code="2">BUEsh</subfield>
    <subfield code="9">40917</subfield>
  </datafield>
  <datafield tag="650" ind1=" " ind2="0">
    <subfield code="a">&#x627;&#x644;&#x642;&#x627;&#x646;&#x648;&#x646; &#x627;&#x644;&#x62F;&#x633;&#x62A;&#x648;&#x631;&#x64A; (&#x641;&#x642;&#x647; &#x625;&#x633;&#x644;&#x627;&#x645;&#x64A;)</subfield>
    <subfield code="2">BUEsh</subfield>
    <subfield code="9">40918</subfield>
  </datafield>
  <datafield tag="651" ind1=" " ind2=" ">
    <subfield code="2">BUEsh</subfield>
  </datafield>
  <datafield tag="653" ind1=" " ind2=" ">
    <subfield code="b">LLAAWW</subfield>
    <subfield code="c">August 2016	</subfield>
  </datafield>
  <datafield tag="942" ind1=" " ind2=" ">
    <subfield code="2">ddc</subfield>
  </datafield>
  <datafield tag="999" ind1=" " ind2=" ">
    <subfield code="c">22248</subfield>
    <subfield code="d">22220</subfield>
  </datafield>
  <datafield tag="952" ind1=" " ind2=" ">
    <subfield code="0">0</subfield>
    <subfield code="1">0</subfield>
    <subfield code="2">ddc</subfield>
    <subfield code="4">0</subfield>
    <subfield code="7">0</subfield>
    <subfield code="8">dar elfekr</subfield>
    <subfield code="a">MAIN</subfield>
    <subfield code="b">MAIN</subfield>
    <subfield code="c">1ST</subfield>
    <subfield code="d">2016-08-28</subfield>
    <subfield code="e">Purchase</subfield>
    <subfield code="g">160.00</subfield>
    <subfield code="h">15884</subfield>
    <subfield code="o">342.174927 &#x637; &#x645; &#x627;</subfield>
    <subfield code="p">000033380</subfield>
    <subfield code="r">2025-07-15 00:00:00</subfield>
    <subfield code="v">200.00</subfield>
    <subfield code="y">BB</subfield>
  </datafield>
  <datafield tag="952" ind1=" " ind2=" ">
    <subfield code="0">0</subfield>
    <subfield code="1">0</subfield>
    <subfield code="2">ddc</subfield>
    <subfield code="4">0</subfield>
    <subfield code="7">0</subfield>
    <subfield code="8">dar elfekr</subfield>
    <subfield code="a">MAIN</subfield>
    <subfield code="b">MAIN</subfield>
    <subfield code="c">1ST</subfield>
    <subfield code="d">2016-08-28</subfield>
    <subfield code="e">Purchase</subfield>
    <subfield code="g">160.00</subfield>
    <subfield code="h">15884</subfield>
    <subfield code="o">342.174927 &#x637; &#x645; &#x627;</subfield>
    <subfield code="p">000033381</subfield>
    <subfield code="r">2025-07-15 00:00:00</subfield>
    <subfield code="v">200.00</subfield>
    <subfield code="y">BB</subfield>
  </datafield>
</record>
